Liam Payne - Say It All (All Lyrics) - Statistics

General Stats
  • This quiz has been taken 9 times
  • The average score is 416 of 470
Answer Stats
Answer % Correct
All
100%
all
100%
all)
100%
days
100%
for
100%
go
100%
got
100%
I
100%
in
100%
is
100%
it
100%
Know
100%
know
100%
make
100%
Make
100%
me
100%
of
100%
Say
100%
say
100%
(Say
100%
that
100%
the
100%
us
100%
We
100%
we
100%
When
100%
when
100%
and
86%
baby
86%
Baby
86%
back
86%
bad
86%
beauty
86%
broken
86%
call
86%
criminal
86%
girl
86%
(Girl
86%
Holding
86%
I'm
86%
nights
86%
notice
86%
One
86%
out
86%
should
86%
Sick
86%
Sometimes
86%
these
86%
tired
86%
Walls
86%
walls
86%
want
86%
what
86%
Yeah
86%
yeah
86%
you
86%
ask
71%
bliss
71%
changes
71%
do
71%
Don't
71%
don't
71%
else
71%
everything
71%
focus
71%
going
71%
gone
71%
it's
71%
just
71%
(Just
71%
leaves
71%
like
71%
nervous
71%
now
71%
real
71%
shit
71%
something
71%
strangers
71%
tell
71%
Tell
71%
There's
71%
this
71%
to
71%
Uh
71%
wanna
71%
why
71%
around
57%
but
57%
forever
57%
found
57%
more
57%
oh
57%
Oh
57%
somebody
57%
something
57%
than
57%
then
57%
Took
57%
up
57%
you're
57%
ain't
43%
Everyone's
43%
Reaching
43%
selfish
43%
gotta)
29%
(Ooh
29%
ooh
29%
ooh)
29%
No matching quizzes found
Score Distribution
Percent of People with Each Score
Percentile by Number Answered
Your Score History
You have not taken this quiz